ARRUPE JESUIT UNIVERSITY

CORONAVIRUS -STOP THE SPREAD - CLEAN,DISINFECT,COVER

An introduction to the new testament (Record no. 130635)

MARC details
000 -LEADER
fixed length control field 00413nam a22001457a 4500
008 - FIXED-LENGTH DATA ELEMENTS--GENERAL INFORMATION
fixed length control field 210922b ||||| |||| 00| 0 eng d
020 ## - INTERNATIONAL STANDARD BOOK NUMBER
International Standard Book Number 9781844740895
082 ## - DEWEY DECIMAL CLASSIFICATION NUMBER
Classification number BS2330.2.C34 2005
100 ## - MAIN ENTRY--PERSONAL NAME
Personal name Carson, D. A.
Numeration Moo, Douglas J.
9 (RLIN) 50176
245 ## - TITLE STATEMENT
Title An introduction to the new testament
250 ## - EDITION STATEMENT
Edition statement Second .[ed.]
260 ## - PUBLICATION, DISTRIBUTION, ETC. (IMPRINT)
Place of publication, distribution, etc England
Name of publisher, distributor, etc Apollos
Date of publication, distribution, etc 2005
300 ## - PHYSICAL DESCRIPTION
Extent 781p.;
Dimensions 28cm.
942 ## - ADDED ENTRY ELEMENTS (KOHA)
Source of classification or shelving scheme Library of Congress Classification
Item type Monograph ( Printed materials)
Holdings
Withdrawn status Lost status Source of classification or shelving scheme Damaged status Not for loan Home library Current library Shelving location Date acquired Total Checkouts Barcode Date last seen Date last borrowed Price effective from Koha item type
    Library of Congress Classification     ARRUPE LIBRARY ARRUPE LIBRARY Main Collection 22/09/2021 1 46600002003 24/09/2021 22/09/2021 22/09/2021 Monograph ( Printed materials)

 

Arrupe Library. PO Box MP320 Mt Pleasant, Harare, Zimbabwe
263 242 745411|librarian@aju.ac.zw